00606nam a2200169 a 450000500170000000800410001704100080005804400070006610000270007324501010010026000530020130000180025450001010027265000160037365000170038965100300040620140910153103.0140123b2005 ck ||||| |||| 00| 0 spa d aspa ack1 aFlórez-A., Carlos A.10aPlan de uso y aprovechamiento Asociación HPAES "Hilandería Patios Altos - Encino, Santander" aBogotábInstituto Alexander von Humboldtc2005 a39 p.c28 cm. aPrograma Uso y Valoracióm de la Biodiversidad Linea de Inevestigación Biocomercio Sostenible 4aBiocomercio 4aArtesanías aColombiazDpto. Santander